| 000 | 00778 a2200205 4500 | ||
|---|---|---|---|
| 001 | 134321 | ||
| 020 | _a85-02-02684-4 | ||
| 040 | _cLeonardo Da Vinci | ||
| 041 | _aPortuguês | ||
| 082 |
_a372.23 L967v _bL967v |
||
| 100 | _aLUCCI, Elian Alabi | ||
| 245 |
_aViver e aprender _bhistória e geografia |
||
| 250 | _av.3 | ||
| 260 |
_bSaraiva _c1998 _aSão Paulo |
||
| 300 | _a112 | ||
| 362 | _a19980000 | ||
| 500 |
_aDouglas Galindo e Teresa Senda (Ilustração) _aLivro do Professor |
||
| 697 |
_aEstudos Sociais _aHistória _aGeografia _aMunicípio _aZona Rural _aZona Urbana _aPaisagem _aRelevo _aÁgua _aClima _aVegetação _aHistória _aDocumentos _aGoverno _aLeis _aPopulação _aTrabalho _aAgricultura _aPecuária _aExtrativismo _aIndústria _aEnsino fundamental 1. Ciclo |
||
| 942 | _cBK | ||
| 999 |
_c134321 _d134321 |
||